Sniper rifles - Statistics

General Stats
  • This quiz has been taken 111 times
    110 since last reset
  • The average score is 6 of 25
Answer Stats
Picture Answer % Correct
Dragunov SVD
69%
VSS Vintorez
63%
Barrett M107
57%
Mosin Nagant
56%
AWM
55%
M110 ECP
44%
M40
36%
Dragunov SVU
35%
PSG1
35%
SR-25
30%
SV 98
20%
PGM Hecate
15%
PSL
12%
Steyr HS
12%
Galatz
10%
Sako TRG-42
10%
L129A1
8%
Zastava
6%
KSVK
5%
Marine Scout
4%
OSV-96
2%
Orsis
1%
HTR
0%
Tor
0%
VM MP-UOS
0%
No matching quizzes found
Score Distribution
Percent of People with Each Score
Percentile by Number Answered
Your Score History
You have not taken this quiz since the last reset